000 00529nam a2200193Ia 4500
005 20250508164720.0
008 008 250505s9999 xx 000 0 eng d
037 _aTextual
040 _aFEDL
_beng
_cFEDL
041 _aeng
_2eng
084 _a510, NCE
_qFEDL
245 0 _aMathematics : A textbook for class XII Part II
245 0 _cNational Council of Educational Research and Training
260 _c1989
300 _a675p.
546 _aMACESE
942 _cTEXL
_h510, NCE
999 _c1390724
_d1390724